000 00369 a2200169 4500
001 72014
020 _a8508052766
040 _cAnchieta - Colégio São Paulo
100 _aRocha, Ruth
240 1 0 _aFaz muito tempo
_lpor
245 1 0 _aFaz muito tempo
300 _a76
362 0 _a1995
440 1 _aÁtica
650 4 _aLiteratura infanto-juvenil
942 _cBK
999 _c72014
_d72014